000 00637nam a2200241Ia 4500
003 OSt
005 20221007110656.0
006 a|||||r|||| 00| 0
007 ta
008 221006b |||||||| |||| 00| 0 eng d
024 _a21,602
037 _cTextual
040 _aLCO
_cLCO
_beng
041 _2eng
_aeng
082 _aX8(A):936, L3
100 _aDadi M.M.
245 0 _aIncome Share of Factory Labour in India
260 _aNew
_bDelhi Industrial Relations and Human Resources India
_c1973
300 _a119
650 _aLABOUR
942 _hX8(A):936, L3
_cTEXL
999 _c1191165
_d1191165